000
00285nam a22001337a 4500
008
170330b xxu||||| |||| 00| 0 eng d
020
_a
9780323015875
041
_a
eng
080
_a
616-053.2
100
_a
8
101
_a
SHM
245
_a
YEAR BOOK
_c
STOCKMAN.J.A
942
_2
udc
_c
BK
999
_c
9150
_d
9150